| 000 | 00356nam a2200145Ia 4500 | ||
|---|---|---|---|
| 008 | 150201s2007 xx 000 0 und d | ||
| 082 |
_a617.6 _bA2007C |
||
| 100 | _aCHAUDHARY | ||
| 245 | _aAIIMS DENTAL PG ENTRANCE EXAM | ||
| 250 | _a1ST | ||
| 260 |
_bPEEPEE PUBLICATION _aDELHI _c2007 |
||
| 300 | _a1-112 | ||
| 650 | _aGENERAL DENTISTRY | ||
| 942 |
_2ddc _cBK |
||
| 999 |
_c3824 _d3824 |
||